• 首页
  • 本馆介绍
  • 公告通知
  • 最新文献
  • 馆藏检索
  • 电子资源
  • 读者导购
  • 参考咨询
  • 我的图书馆
  • 登录
  • 详细信息显示
  • 放入我的书架
  • 预约/预借图书
  • 作者相关作品
  • 分类相关作品
  • 丛书相关作品
  • 出版社相关作品

书目信息

  • 表格格式
  • 工作单格式
  • 卡片格式
题名:
文学巨星郭沫若
    
 
作者: 张毓茂 , 钟林斌 著
分册:  
出版信息: 成都   四川人民出版社  1984
页数: 278页
开本: 21cm
丛书名: 现代作家作品研究
单 册:
中图分类: I206.6 , I05
科图分类:
主题词: 文学理论--各体 , 创作方法--各体
电子资源:
ISBN:
000 00775nam2 2200289 45
001 1531281000
005 20150128080959.62
010    @dCNY1.05
091    @aCN@b10118.873
100    @a19950207d1984 em y0chiy0121 ea
101 0  @achi
102    @aCN@b510000
105    @ay z 000yd
200 10 @a文学巨星郭沫若@Awen xue ju xing guo mo ruo@f张毓茂,钟林斌
210    @a成都@c四川人民出版社@d1984
215    @a278页@d21cm
225 2  @a现代作家作品研究
410  0 @120010@a现代作家作品研究
600  0 @a郭沫若@x文学研究
606 0  @a文学理论@x各体
606 0  @a创作方法@x各体
690    @aI206.6@v3
690    @aI05@v4
701  0 @a张毓茂@Azhang yu mao@4著
701  0 @a钟林斌@Azhong lin bin@4著
801  0 @aCN@bTSSF@c20150128
905    @aZUCC@dI05@eJY52
    
    文学巨星郭沫若/张毓茂,钟林斌.-成都:四川人民出版社,1984
    278页;21cm.-(现代作家作品研究)
    
    
    ISBN :CNY1.05
    
●
相关链接 在E读中查询图书 在五车中查询图书 在当当中查询图书 在豆瓣中查询图书


正题名:文学巨星郭沫若     索取号:I05/JY52         预约/预借

序号 登录号 条形码 馆藏地/架位号 状态 备注
1 7855408   278554084   学院路分馆/ [索取号:I05/JY52] 在馆    
2 7855409   278554093   学院路分馆/ [索取号:I05/JY52] 在馆    
唐山师范学院图书馆 欢迎您!
大连网信软件有限公司© 版权所有